000 01922cam a2200529 a 4500
001 21350
003 VRT
005 20260227150731.0
008 240226s1990 xo jr 000 j slo
015 _aSNBA1990/10
020 _a8021801743
_q(viazané)
035 _aSNK000006347
035 _aurn:nbn:sk:snk-amli2h
035 _aurn:nbn:sk:snk-am00bofj
035 _a84F89004-0EA1-4088-B9FD-1C8514F4AC6E
039 9 _a202402262112
_bVLOAD
_c202310130800
_dmsnk181
_c202310101031
_dmsnk160
_c202310101014
_dmsnk160
040 _aSNK
_bslo
_cSNK
_eAACR2
041 1 _aslo
_hcze
044 _axo
_cSK
072 7 _a821.162.3
_xČeská literatúra
_2konspekt
072 7 _a821-93
_xLiteratúra pre deti a mládež (beletria)
_2konspekt
080 _a82=025
_22011
080 _a821.162.3-34
_22011
080 _a82-34:808.1
_22011
080 _a398.21
_22011
080 _a82-93-053.4/.5
_22011
100 1 _aNěmcová, Božena,
_d1820-1862
_4aut
245 1 0 _aStrieborná kniha rozprávok
_cBožena Němcová ; ilustroval Štefan Cpin ; [z českého originálu preložila Elena Chmelová]
250 _a6. vyd.
260 _aBratislava
_bSpektrum
_c1990
300 _a187 strán
_bilustrácie (niektoré farebné)
_c27 cm
366 _e50000 kusov
500 _aIlustrácie na titulnom liste a predsádkach
500 _aPreložené z češtiny
650 0 7 _aliterárne adaptácie
_2SNKPH
655 7 _ačeské rozprávky
_2SNKPH
655 7 _aautorské rozprávky
_2SNKPH
655 7 _aľudové rozprávky
_2SNKPH
655 7 _aliteratúra pre deti a mládež
_2SNKPH
700 1 _aCpin, Štefan,
_d1919-1971
_4ill
700 1 _aChmelová, Elena,
_d1920-1995
_4trl
942 _2ddc
_cKLDE
_n0
949 _617A0149926
_asnkSB 47548 D1
949 _617A0873564
_asnkSB 47548
_bsnkKSP 437/91
_s6100:20160606
949 _6270001000016971
_asvkbbC 31276
_bsvkbbm 555594
999 _c21350
_d21350